| 000 | 00760cam a2200241 4500 | ||
|---|---|---|---|
| 001 | 763280 | ||
| 003 | ARRUPE | ||
| 005 | 20141002171800.0 | ||
| 008 | 700514r1969 inu b 000 0 eng | ||
| 010 | _a 69014815 | ||
| 040 |
_aDLC _cDLC _dDLC |
||
| 050 | 0 | 0 |
_aBJ319 _b.M3 1969 |
| 082 | 0 | 0 | _a170 |
| 100 | 1 |
_aMcGrath, Patrick, _d1935- _912017 |
|
| 245 | 1 | 4 |
_aThe nature of moral judgement; _ba study in contemporary moral philosophy. |
| 250 | _a[1st. American ed. | ||
| 260 |
_aNotre Dame, Ind.] _bUniversity of Notre Dame Press _c[1969, c1967] |
||
| 300 |
_axi, 327 p. _c21 cm. |
||
| 504 | _aBibliography: p. 323-327. | ||
| 650 | 0 |
_aEthics, Modern _y20th century. _912018 |
|
| 906 |
_a7 _bcbc _corignew _du _encip _f19 _gy-gencatlg |
||
| 942 |
_2lcc _cMONOGRAPH |
||
| 999 |
_c121064 _d121064 |
||